Letters at work (Record no. 142342)

MARC details
000 -LEADER
fixed length control field 00717nam a2200241 i 4500
001 - CONTROL NUMBER
control field C2-0219998
003 - CONTROL NUMBER IDENTIFIER
control field PPAK
005 - DATE AND TIME OF LATEST TRANSACTION
control field 20180728150351.0
008 - FIXED-LENGTH DATA ELEMENTS--GENERAL INFORMATION
fixed length control field 990913s1996 my a|||| ||||| | eng d
020 ## - INTERNATIONAL STANDARD BOOK NUMBER
International Standard Book Number 9679785858
040 ## - CATALOGING SOURCE
Original cataloging agency PPAK
Language of cataloging eng
Transcribing agency PPAK
Description conventions rda
082 04 - DEWEY DECIMAL CLASSIFICATION NUMBER
Classification number 658.453
Edition number 23
090 00 - LOCALLY ASSIGNED LC-TYPE CALL NUMBER (OCLC); LOCAL CALL NUMBER (RLIN)
Classification number (OCLC) (R) ; Classification number, CALL (RLIN) (NR) 658.453
Feature heading BAR
Feature heading G
100 1# - MAIN ENTRY--PERSONAL NAME
Personal name Barker, Alan,
Relator term author
245 10 - TITLE STATEMENT
Title Letters at work
Remainder of title Helps you create letters that are posive, accuate and professional
264 #1 - PRODUCTION, PUBLICATION, DISTRIBUTION, MANUFACTURE, AND COPYRIGHT NOTICE
Place of production, publication, distribution, manufacture Petaling Jaya, Selangor :
Name of producer, publisher, distributor, manufacturer Pelanduk ,
Date of production, publication, distribution, manufacture, or copyright notice 1996
300 ## - PHYSICAL DESCRIPTION
Extent 112 pages :
Other physical details illustrations ;
Dimensions 22 cm
336 ## - CONTENT TYPE
Source rdacontent
Content type term text
337 ## - MEDIA TYPE
Source rdamedia
Media type term unmediated
338 ## - CARRIER TYPE
Source rdacarrier
Carrier type term volume
650 10 - SUBJECT ADDED ENTRY--TOPICAL TERM
Topical term or geographic name entry element Letter writing
942 ## - ADDED ENTRY ELEMENTS (KOHA)
-- dc
Koha item type Book
Holdings
Withdrawn Not for loan Current library Shelving location Date acquired Full call number Barcode Date last seen Koha item type Total Checkouts Date last checked out
    Perpustakaan Alor Setar Pinjaman Dewasa 15/12/1999 658.453 BAR A00883675 31/05/2018 Book    
    Perpustakaan Awam Sungai Petani Pinjaman Dewasa 15/12/1999 658.453 BAR A00883676 18/11/2019 Book 1 02/11/2019
    Perpustakaan Awam Sungai Petani Pinjaman Dewasa 15/12/1999 658.453 BAR A00883677 31/05/2018 Book    
    Perpustakaan Kulim Pinjaman Dewasa 15/12/1999 658.453 BAR A00883681 31/05/2018 Book